000 00410nam a22001337a 4500
005 20180102142825.0
008 180102b xxu||||| |||| 00| 0 eng d
040 _cPK-LaUMT
082 _aPKAC 297.746
_bMAK-
245 _aمکاتیب سید ابوالا علی مودودی/
_cعاصم نعمانی)مرتب
260 _aلاہور:
_bاسالمک پبلیکیشنز،
_c1977
300 _a256
942 _cBK
999 _c101312
_d101312